Bravo - The Hits 2006 - Statistiken

Allgemein
  • Dieses Quiz wurde 157 mal gespielt
  • Das Durchschnittsergebnis liegt bei 15 aus 41
Antwortstatistiken
Song Interpret % Korrekt
Hips Don't Lie Shakira & Wyclef Jean
88%
'54, '74, '90, 2006 Sportfreunde Stiller
79%
Das Beste Silbermond
71%
SexyBack Justin Timberlake
70%
Zeit, Dass Sich Was Dreht Herbert Grönemeyer
64%
Ding Seeed
64%
SOS Rihanna
63%
Maneater Nelly Furtado
61%
Pump It The Black Eyed Peas
60%
Mas Que Nada Sérgio Mendes & The Black Eyed Peas
59%
Hard Rock Hallelujah Lordi
54%
Temperature Sean Paul
53%
Fairytale Gone Bad Sunrise Avenue
52%
Because Of You Kelly Clarkson
51%
Ich Bin Ich (Wir Sind Wir) Rosenstolz
46%
No No Never Texas Lightning
43%
Prinzesschen LaFee
42%
Buttons Pussycat Dolls
41%
Stupid Girl P!nk
37%
I Still Burn Tobias Regner
37%
Dieses Leben Juli
34%
I Don't Feel Like Dancin' Scissor Sisters
32%
Danke Xavier Naidoo
32%
Ain't No Other Man Christina Aguilera
30%
Rette Mich Tokio Hotel
30%
Check On It Beyoncé
28%
I Belong To You (Il Ritmo Della Passione) Eros Ramazzotti & Anastacia
23%
Love Generation Bob Sinclar Pres. Goleo VI Feat. Gary "Nesta" Pine
22%
Run It! Chris Brown
21%
Richtig Scheiße (Auf 'Ne Schöne Art Und Weise) Killerpilze
17%
All Together Now (Strong Together) Goleo VI & Atomic Kitten
15%
Gott Ist Ein Popstar Oomph!
15%
You Give Me Something James Morrison
14%
El Temperamento Marquess
12%
Iris Ronan Keating
12%
Tonight Reamonn
10%
Erinner Mich Dich Zu Vergessen Yvonne Catterfeld
10%
I Wish I Was A Punk Rocker (With Flowers In My Hair) Sandi Thom
9%
Happy Birthday Flipsyde
8%
In The Club US5
7%
Suffer Well Depeche Mode
6%
Keine übereinstimmenden Quizze gefunden
Verteilung der Resultate
Anzahl Personen mit jedem Resultat
Perzentil nach korrekt beantworteten Fragen
Ihre Resultats-Entwicklung
Sie haben dieses Quiz noch nicht gespielt